000 00926cam a2200253 4500
001 J12346
008 030616n2003 000 0 eng u
035 _a(Sirsi) u122593
041 _aeng.
050 _a336.271
_c18
110 _aEnglish Heritage
_92714
245 _aVAT - seize the time
260 _aSwindon
_bEnglish Heritage
_c2003
520 _aIn this leaflet English Heritage calls for the equalising of VAT on all new build and repairs and maintenance. It urges government to ask for a flat VAT amendment to the European Sixth VAT Directive, which is being reviewed in 2003.
650 _aVALUE ADDED TAX
650 _aNEW BUILD
650 _aREPAIRS
650 _aRefurbishment
_96264
650 _aBUILT ENVIRONMENT
650 _aDIRECTIVE 77/388/EEC
690 _aTAXATION
856 _uhttps://www.helm.org.uk/upload/pdf/vat-leaflet.pdf
_vView the leaflet (pdf) at www.helm.org.uk.
942 _n0
999 _c102886
_d102886